00807 2200277 4500001002100000005001700021008004100038020001800079035002400097082001000121090001700131100001900148245011900167250001800286260003400304300002900338500002600367650002100393650002800414700002300442850001500465980001300480985000600493999001500499999001500514YOGYA-0209000001197620090227022201.0 ind  a979-533-037-3 0010-020900000011976 a530.7 a530.7bHad A aHADI, Sutrisno aAnalisis butir untuk instrumen angket, tes dan skala nilai dengan BASICAcSutrisno Hadi; editor, Seno Pamardiyanto aEd. 1, cet. 1 aYogyakartabAndi Offsetc1991 aix, 126 hlmbilusc22 cm aBibliografi : hlm.121 aAnalisis numerik aAnalisis Intstrumentasi aPamardiyanto, Seno aYOPDBPA(B) a05-11-21 a2 a97P0102604 a93P0034073